Statistiques concernant Culture Générale - Série 1254

Cliquez ici pour prendre le quiz!

Statistiques générales

  • Ce quiz a été pris 41 fois
  • Le résultat moyen est 7 sur 10

Statistiques - réponses

QuestionRéponse% Correct
De quel pays un Malgache est-il originaire ?Madagascar
95%
Sur Internet, quelle lettre est ajoutée au protocle "http" pour attester d'une connexion sécurisée ?S
87%
Quelle crème pâtissière à base d'amandes en poudre garnit communément la galette des Rois ?frangipane
82%
Dans quel grand monothéisme prie-t-on dans une synagogue ?judaïsme
79%
Quel type spécifique de voilier à trois coques était le Pen Duick IV construit par Éric Tabarly en 1968 ?trimaran
74%
Quel groupe de rock Catherine Ringer et Fred Chichin ont-ils formé en 1980 ?Rita Mitsouko
66%
Qui est le dieu de la Guerre dans la mythologie romaine ?Mars
66%
Quel pays d'Amérique latine appelait-on “Nouvelle-Espagne” du XVIe siècle jusqu'à son indépendance en 1821 ?Mexique
66%
Quel écrivain est l'auteur du conte “Peau d'âne” en 1694 ?Charles Perrault
61%
A quelle ville portuaire d'Ukraine, située sur la mer Noire, est associée la mutinerie du cuirassé Potemkine ?Odessa
53%

Distribution des résultats

Percentile par nombre de réponses

% des personnes avec chaque résultat

Votre développement - résultats

Vous n’avez pas pris ce quiz